JetPunk A-Z - Statistiques

Statistiques générales
  • Ce quiz a été pris 486 fois
  • Le résultat moyen est 14 sur 26
Statistiques - réponses
Lettres Indices Réponses % Correct
A Mode permettant de faire n'importe quel type de quiz de manière random Aléatoire
94%
R Contraire de question Réponse
83%
L Concernant le système linguistique, on peut jouer à JetPunk en plusieurs .......différentes Langues
81%
N Lorsqu'un quiz vient de sortir, on dit qu'il est....... Nouveau
81%
G Thème de quiz le plus présent Géographie
80%
V On trouve souvent des quiz dans le style .... ou faux Vrai
80%
Y Plateforme où l'on peut trouver des vidéos sur JetPunk Youtube
78%
H Deuxième thème de quiz le plus présent Histoire
77%
X Un des réseau sociaux où est présent JetPunk X (Ex-Twitter)
77%
M Type de quiz dans lequel une seule erreur commise, et ça s'arrête Mort subite
76%
O Certains type-ins demandent d'avoir la bonne ........... pour que le mot soit validé Orthographe
76%
C Support souvent utilisé pour les quiz demandant de cliquer sur un pays, ville, un territoire géographique, etc. Carte
74%
I Représentations visuels utilisés dans les quiz Images
60%
U Les personnes qui font des choses sur le site peuvent être appelés........... Utilisateur
58%
E Forme geométrique qui apparaît pour les quiz passant en page d'accueil Étoile
52%
F Deuxième section la plus présente sur JetPunk Francophone
38%
P Projet de l'entreprise concernant les arbres Plantation d'arbres
36%
J Nom de la mascotte Jeppy
34%
S Mot anglais qu'on donne lorsque l'on fait une série quotidienne sur un ou plusieurs jours Streak
34%
Z Champ de saisie permettant à l'utilisateur de saisir du texte Zone de texte
33%
B Nom des publications d'articles Blog
30%
T Mot-clé permettant d'identifier un thème de section Tag
19%
Q Pseudonyme du créateur de JetPunk Quizmaster
14%
D Créateur de JetPunk Dan Hostettler
12%
W Mode de jeu consistant à trouver des mots cachés Word Search
5%
K Créateur de quiz dans le top 25 (2 choix possibles) KoljiVriVoda | kiwirage
1%
Aucun quiz correspondant
Distribution des résultats
% des personnes avec chaque résultat
Percentile par nombre de réponses
Votre historique - résultats
Vous n’avez pas pris ce quiz